000 00623nam a2200205 a 4500
001 BRCA_186
005 20190320202919.0
008 801220t19641963nyu#---###---#000-0#eng-#
041 _aeng
044 _anyu
050 4 _aCB361
_b.C47 1964
100 1 _aChastel, André
_d1912-
_9682
245 1 0 _aThe Age of Humanism
_bEurope 1480-1530
_cAndré Chastel.
260 _aLondres
_bThames and Hudson
_c[1964]-c1963
300 _a347 p.
_bil. (algunas a color)
_c34 cm.
500 _aIncluye índice alfabético e índice de artistas
650 1 4 _aRenacimiento
_9683
650 1 4 _aArte renacentista
_zEuropa
_9684
942 _2lcc
_cB
999 _c156
_d156